Process systems analysis and control (Record no. 13575)

000 -LEADER
fixed length control field 00578nam a22002051 4500
001 - CONTROL NUMBER
control field 13575
003 - CONTROL NUMBER IDENTIFIER
control field BD-DhUET
008 - FIXED-LENGTH DATA ELEMENTS--GENERAL INFORMATION
fixed length control field 730306s1965 nyua b 000 0 eng
040 ## - CATALOGING SOURCE
Original cataloging agency DLC
Transcribing agency DLC
Modifying agency BD-DhUET
082 ## - DEWEY DECIMAL CLASSIFICATION NUMBER
Classification number 660.284
Item number COU/1965
100 1# - MAIN ENTRY--PERSONAL NAME
Personal name Coughanowr, Donald R.
245 10 - TITLE STATEMENT
Title Process systems analysis and control
250 ## - EDITION STATEMENT
Edition statement 1st ed.
260 ## - PUBLICATION, DISTRIBUTION, ETC. (IMPRINT)
Place of publication, distribution, etc. New York
Name of publisher, distributor, etc. McGraw-Hill
Date of publication, distribution, etc. 1965
300 ## - PHYSICAL DESCRIPTION
Extent xii, 491 p.
Other physical details ill.
Dimensions 21 cm.
490 ## - SERIES STATEMENT
Series statement McGraw-Hill chemical engineering series
650 #0 - SUBJECT ADDED ENTRY--TOPICAL TERM
Topical term or geographic name as entry element Control devices process engineering
700 ## - ADDED ENTRY--PERSONAL NAME
Personal name Koppel, Lowell B.
942 ## - ADDED ENTRY ELEMENTS (KOHA)
Koha item type General Book
Holdings
Piece designation (barcode) Damaged status Not for loan Shelving location Withdrawn status Lost status Koha item type Koha issues (times borrowed) Koha date last borrowed Price effective from Location (home branch) Koha normalized classification for sorting Copy number Koha date last seen Sublocation or collection (holding branch) Koha full call number Source of classification or shelving scheme Date acquired
29699  Circulation section  General Book  2015-03-03Central Library, BUET660_284000000000000_COU_196512015-03-03Central Library, BUET660.284/COU/1965 2015-03-03
29689  Circulation section  General Book12017-05-092015-03-03Central Library, BUET660_284000000000000_COU_196522017-05-09Central Library, BUET660.284/COU/1965 2015-03-03
29697  Circulation section  General Book  2015-03-03Central Library, BUET660_284000000000000_COU_196532015-03-03Central Library, BUET660.284/COU/1965 2015-03-03
29692  Circulation section  General Book  2015-03-03Central Library, BUET660_284000000000000_COU_196542015-03-03Central Library, BUET660.284/COU/1965 2015-03-03
29698  Circulation section  General Book  2015-03-03Central Library, BUET660_284000000000000_COU_196552015-03-03Central Library, BUET660.284/COU/1965 2015-03-03
29690  Circulation section  General Book  2015-03-03Central Library, BUET660_284000000000000_COU_196562015-03-03Central Library, BUET660.284/COU/1965 2015-03-03
29688  Cataloging to Circulation  General Book  2015-03-03Central Library, BUET660_284000000000000_COU_196572015-03-03Central Library, BUET660.284/COU/1965 2015-03-03
34519  Circulation section  General Book  2015-03-04Central Library, BUET660_284000000000000_COU_196582015-03-04Central Library, BUET660.284/COU/1965 2015-03-04
29694  Circulation section  General Book  2015-05-11Central Library, BUET660_284000000000000_COU_196592015-05-11Central Library, BUET660.284/COU/1965 2015-05-11
29696  Circulation section  General Book  2015-05-11Central Library, BUET660_284000000000000_COU_1965102015-05-11Central Library, BUET660.284/COU/1965 2015-05-11
29695  Circulation section  General Book  2015-05-13Central Library, BUET660_284000000000000_COU_1965112015-05-13Central Library, BUET660.284/COU/1965 2015-05-13
17869  Circulation section  General Book  2015-05-14Central Library, BUET660_284000000000000_COU_1965122015-05-14Central Library, BUET660.284/COU/1965 2015-05-14
15822  Circulation section  General Book  2015-05-18Central Library, BUET660_284000000000000_COU_1965132015-05-18Central Library, BUET660.284/COU/1965 2015-05-18
29700  Reading section  General Book  2015-06-20Central Library, BUET660_284000000000000_COU_1965142015-06-20Central Library, BUET660.284/COU/1965 2015-06-20
29701  Reading section  General Book  2015-06-20Central Library, BUET660_284000000000000_COU_1965152015-06-20Central Library, BUET660.284/COU/1965 2015-06-20
16716  Circulation section  General Book  2015-07-10Central Library, BUET660_284000000000000_COU_1965162015-07-10Central Library, BUET660.284/COU/1965 2015-07-10